| 000 | 00980nam a2200301 i 4500 | ||
|---|---|---|---|
| 003 | EG-GICUC | ||
| 005 | 20260305224313.0 | ||
| 008 | 260305s1979 fr ||||fr|||| 00| 0 fre d | ||
| 020 | _a9028607293 | ||
| 040 |
_aEG-GiCUC _bfre _cEG-GiCUC _dEG-GiCUC _eRda |
||
| 041 | _afre | ||
| 082 | 0 | 4 |
_221 _a341 _bRE |
| 092 | 0 | 4 | _221 |
| 099 | _aLaw1 11 341 RE 1979 | ||
| 245 | 0 | 0 |
_aRecueil Des Cours : _bCollected Courses of the Hague Academy of International Law/ _nVol.2 , _nTome 155 de la Collection , _c ACADÉMIE DE DROIT INTERNATIONAL . |
| 264 | 1 |
_aFrance : _bSIJTHOFF & NOORDHOFF , _c1979. |
|
| 300 |
_a424 page ; _c 24 cm. |
||
| 336 |
_2rda contenu _a texte |
||
| 337 |
_2rda medias _aOrdinateur |
||
| 338 |
_2 transporteur rda _a Ressource en ligne |
||
| 504 | _a | ||
| 546 | _aTexte en français | ||
| 650 | 1 | 4 |
_aDroit international public _2 |
| 651 | 1 | _2 | |
| 856 | 4 | 0 | _uhttps://fll.law.cu.edu.eg/fulltext/bks/B11-07755.pdf |
| 905 | _a60 | ||
| 942 |
_2ddc _cBK _e21 _n0 |
||
| 999 |
_c65133 _d65133 |
||